[Event "Jam Bushehr Sepehrmanesh Memorial"]
[Site "Jam Bushehr"]
[Date "2018.04.20"]
[Round "9.6"]
[White "Baramaki, Sonia"]
[Black "Bahari Meymandi, Nahid"]
[Result "1/2-1/2"]
[WhiteElo "1078"]
[BlackElo "1285"]
[PlyCount "37"]
[EventDate "2018.04.12"]
[EventType "swiss"]
[EventRounds "9"]
[EventCountry "IRI"]
[SourceTitle "EXT 2024"]
[Source "ChessBase"]
[SourceDate "2023.10.10"]
[SourceVersion "1"]
[SourceVersionDate "2023.10.10"]
[SourceQuality "1"]

1. d4 Nf6 2. Bf4 g6 3. Nf3 Bg7 4. e3 d6 5. h3 0-0 6. Be2 Nbd7 7. 0-0 c5 8. c3 b6 9. Bh2 Bb7 10. Nbd2 Re8 11. a4 a5 12. Qb3 Ba6 13. Bxa6 Rxa6 14. e4 cxd4 15. Nxd4 Ne5 16. Rfe1 Bh6 17. Rad1 Nd3 18. Re2 Nd7 19. N2f3 1/2-1/2